000 00502 a2200169 4500
003 OSt
005 20260324140523.0
008 240206b |||||||| |||| 00| 0 eng d
040 _cOCLC
082 _a891.4393
_bRUZ/M
100 _aRuzwa, Mirza Mohammed Hadi
_910399
245 _aUmrao jan ada /
_c Mirza Mohammed Hadi Ruzwa
250 _a1st ed.
260 _aKOZHIKODE:
_bOLIVE PUBLICATIONS,
_c2013.
300 _a226P.
942 _2ddc
_cBK
_h891.4393
_iRUZ/M
_k891.4393
_mRUM/Z
999 _c44330
_d44330